Deutsche Landeskirchen auf einer Karte - Statistiken

Allgemein
  • Dieses Quiz wurde 48 mal gespielt
  • Das Durchschnittsergebnis liegt bei 10 aus 20
Antworten auf der Karte
Die Antworten werden auf der Karte rot bzw. grün angezeigt, abhängig davon wie oft sie richtig erraten wurden.
 
Antwortstatistiken
Landeskirche % Korrekt
Sachsen
91%
Bayern
89%
Baden
87%
Württemberg
87%
Rheinland
73%
Bremen
71%
Bremen
71%
Pfalz
69%
Hannover
67%
Westfalen
67%
Oldenburg
58%
Anhalt
40%
Braunschweig
31%
Hessen und Nassau
29%
Lippe
27%
Mitteldeutschland
18%
Oberlausitz
18%
Kurhessen-Waldeck
16%
Nordkirche
11%
Schaumburg-Lippe
2%
Keine übereinstimmenden Quizze gefunden
Verteilung der Resultate
Anzahl Personen mit jedem Resultat
Perzentil nach korrekt beantworteten Fragen
Ihre Resultats-Entwicklung
Sie haben dieses Quiz noch nicht gespielt